Conocimiento sobre la atención preconcepcional en las mujeres en edad fértil de 19 a 35 años que solicitan los servicios de salud en la Unidad de Salud Intermedia de Tejutepeque, en el periodo comprendido de enero a junio del 2024. (Registro nro. 35444)

Detalles MARC
000 -CABECERA
Longitud fija campo de control 01202nam a22002177a 4500
003 - IDENTIFICADOR DELl NÚMERO DE CONTROL
Identificador del número de control OSt
005 - FECHA Y HORA DE LA ÚLTIMA TRANSACCIÓN
Fecha y hora de la última transacción 20241114195025.0
008 - CÓDIGOS DE INFORMACIÓN DE LONGITUD FIJA
Códigos de información de longitud fija 241111b ||||| |||| 00| 0 eng d
040 ## - FUENTE DE LA CATALOGACIÓN
Centro transcriptor BCRI
082 ## - NÚMERO DE LA CLASIFICACIÓN DECIMAL DEWEY
Númeroo de clasificación 610.72
100 ## - PUNTO DE ACCESO PRINCIPAL-NOMBRE DE PERSONA
9 (RLIN) 48972
Nombre de persona García Alas, Claudia Liseth
245 ## - MENCIÓN DE TÍTULO
Título Conocimiento sobre la atención preconcepcional en las mujeres en edad fértil de 19 a 35 años que solicitan los servicios de salud en la Unidad de Salud Intermedia de Tejutepeque, en el periodo comprendido de enero a junio del 2024.
Resto del título : Informe final de investigación
Mención de responsabilidad, etc. Claudia Liseth García Alas, Nallely Lissebeth Guerrero Estrada, Betsy Liliana Hernández Beltrán
260 ## - PUBLICACIÓN, DISTRIBUCIÓN, ETC. (PIE DE IMPRENTA)
Lugar de publicación, distribución, etc. Ilobasco, Cabañas
Nombre del editor, distribuidor, etc. Universidad Católica de El Salvador
Fecha de publicación, distribución, etc. 2024
300 ## - DESCRIPCIÓN FÍSICA
Extensión 81 h.
Otras características físicas il.
Dimensiones 27 cm.
Material anejo Versión digital en USB
502 ## - NOTA DE TESIS
Nota de tesis Trabajo de graduación para optar al grado académico de Licenciados en Enfermería.
650 #0 - PUNTO DE ACCESO ADICIONAL DE MATERIA - TÉRMINO DE MATERIA
9 (RLIN) 14936
Término de materia o nombre geográfico como elemento inicial Enfermería
Subdivisión de materia general Investigación
700 ## - PUNTO DE ACCESO ADICIONAL - NOMBRE DE PERSONA
9 (RLIN) 48973
Nombre de persona Guerrero Estrada, Nallely Lissebeth
700 ## - PUNTO DE ACCESO ADICIONAL - NOMBRE DE PERSONA
9 (RLIN) 48974
Nombre de persona Hernández Beltrán, Betsy Liliana
710 ## - PUNTO DE ACCESO ADICIONAL - NOMBRE DE ENTIDAD
Nombre de entidad o nombre de jurisdicción como elemento inicial Universidad Católica de El Salvador
Unidad subordinada Centro Regional de Ilobasco
-- Facultad Multidisciplinaria
9 (RLIN) 40915
942 ## - ENTRADA DE ELEMENTOS AGREGADOS (KOHA)
Fuente de clasificaión o esquema Dewey Decimal Classification
Koha [por defecto] tipo de item 4- Trabajo de Graduación
Parte de clasificación prozim
Existencias
Suprimido Perdido Fuente de clasificación o esquema Estropeado Restricciones de uso No para préstamo Código de colección Localización permanente Localización actual Localización en estanter&íacute;as Fecha adquisición Fuente de adquisición Calificador de ubicación codificada Número de inventario Préstamos totales Signatura completa Código de barras Fecha última consulta Fecha del precio de reemplazo Tipo de item de Koha
NULL NULL Dewey Decimal Classification NULL Prestable NULL NULL Biblioteca Centro Regional de Ilobasco Biblioteca Centro Regional de Ilobasco Sala Principal 11/11/2024 2024-08-22 Donado Cla 000311   IN-000311 1052470 11/11/2024 11/11/2024 4- Trabajo de Graduación